000 00745nam a2200229 a 4500
001 BRCA_3709
005 20190320204407.0
008 100909s1990----sp-a---###---#000-0#spa-#
020 _a8476300433
041 _aspa
044 _asp
050 4 _aNC590
_b.T45 1990
100 1 _aTeissig, Karel
_99652
245 1 0 _aLas técnicas del dibujo
_bel arte y la práctica
_cKarel Teissig ; traducción Isabel Jiménez Rayo.
260 _aMadrid
_bLibsa
_cc1990
300 _a191 p.
_bil. (algunas a color)
_c30 cm.
440 0 _aColección Técnicas de arte
_99653
500 _aIncluye índice de obras reproducidas e índice onomástico
650 1 4 _aDibujo
_xEstudio y enseñanza
_99654
700 1 _aJiménez Rayo, Isabel
_99655
942 _2lcc
_cB
999 _c3439
_d3439